Central Library OPAC University of Rajshahi

China briefing, 1985 / (Record no. 25380)

MARC details
000 -LEADER
fixed length control field 00701nam a22002537a 4500
001 - CONTROL NUMBER
control field 25380
003 - CONTROL NUMBER IDENTIFIER
rucl marc code BD-RjUL
005 - DATE AND TIME OF LATEST TRANSACTION
control field 20211209050854.0
008 - FIXED-LENGTH DATA ELEMENTS--GENERAL INFORMATION
fixed length control field 140318s1986 enkab||| |||| 001 0 eng d
020 ## - INTERNATIONAL STANDARD BOOK NUMBER
International Standard Book Number 0813303826
International Standard Book Number 0813303834 (pbk.)
035 ## - SYSTEM CONTROL NUMBER
System control number (BD-RjUL)25450
040 ## - CATALOGING SOURCE
Original cataloging agency BD-RjUL
Language of cataloging eng
Transcribing agency BD-RjUL
041 ## - LANGUAGE CODE
Language code of text/sound track or separate title eng
082 04 - DEWEY DECIMAL CLASSIFICATION NUMBER
Classification number 951
Author mark and year CHI 1986
245 00 - TITLE STATEMENT
Title China briefing, 1985 /
Statement of responsibility, etc. edited by John S Major.
260 ## - PUBLICATION, DISTRIBUTION, ETC. (IMPRINT)
Place of publication, distribution, etc. Boulder, CO :
Name of publisher, distributor, etc. Westview Press,
Date of publication, distribution, etc. 1986.
300 ## - PHYSICAL DESCRIPTION
Pagination viii, 134 p. :
Illustrations ill., 1 map ;
Size 23 cm.
504 ## - BIBLIOGRAPHY, ETC. NOTE
Bibliography, etc Includes index.
651 #0 - SUBJECT ADDED ENTRY--GEOGRAPHIC NAME
Geographic name China
Form subdivision History
Chronological subdivision 1976-
9 (RLIN) 78033
Geographic name China.
9 (RLIN) 78034
700 1# - ADDED ENTRY--PERSONAL NAME
Personal name Major, John S.
942 ## - ADDED ENTRY ELEMENTS (KOHA)
Source of classification or shelving scheme Dewey Decimal Classification
Koha item type Books
Holdings
Lost status Source of classification or shelving scheme Damaged status Not for loan Collection code Permanent Location Current Location Shelving location Date acquired Source of acquisition Total Checkouts Full call number Date last seen Copy number Koha item type
  Dewey Decimal Classification   Added to bundle Non-fiction Central Library, University of Rajshahi Central Library, University of Rajshahi Reading Room 09/03/1989 Asia Foundation, Gift.   951 CHI 1986 18/03/2014 C-1 Books